Automatizované testovanie webovej aplikácie diplomová práca

Na minha lista:
Detalhes bibliográficos
Autor principal: Mihaľová, Michaela
Autor Corporativo: Fakulta hospodárskej informatiky EU. Katedra aplikovanej informatiky
Outros Autores: Horniaková, Veronika, 1990-
Formato: Livro
Idioma:eslovaco
Publicado em: Bratislava 2020
Tags: Adicionar Tag
Sem tags, seja o primeiro a adicionar uma tag!

MARC

LEADER 00000nbm a2200000 4500
001 0266657
005 20210512110012.3
041 0 |a slo 
044 |a SK 
245 1 0 |a Automatizované testovanie webovej aplikácie  |b diplomová práca  |c Michaela Mihaľová ; školiteľ: Veronika Horniaková 
264 1 |a Bratislava  |c 2020 
300 |a 67 s. 
100 1 |a Mihaľová, Michaela 
700 1 |a Horniaková, Veronika, 1990- 
710 2 |a Fakulta hospodárskej informatiky EU. Katedra aplikovanej informatiky